000 00806cam a22002412 4500
001 0000002099
005 20151021151055.0
008 070402s xx 000 0 eng d
020 _cKES 665
040 _aKABU
_cKABU
050 0 _aHF5635
_b.S251
100 1 _aSaleemi, Nisar Ahmad.
_@0000151299
245 1 0 _aAdvanced financial accounting simplified. :
_bvolume I.
260 _aNairobi :
_bN. A. Saleemi,
_c1995.
300 _a483 p.
362 0 _avol. I.
650 0 _aAccounting.
_@0000148321
852 1 _9p800 KES
852 1 _9p800 KES
908 _a070402
950 _@1
999 _c380
_d380